000 00261nam a2200097Ia 4500
001 1170234
005 20251202150115.0
008 250824s9999 xx 000 0 und d
245 0 _aHERKESE BİRAZ BAHAR GEREK
_cAHMET MELİH KARAUĞUZ
260 _bKETEBE YAYINLARI
999 _c1170234
_d1170234